00836nam a22002657a 4500999001900000003000400019020001800023082001600041245005900057260005200116300001400168546001200182650004100194650003900235650002100274650002900295650002800324700001900352700001300371700001600384700001900400700002000419942001200439952011900451 c195824d195824OSt a9789381226452 a640bTHY/RE aRecent trends in food processing:bthe global scenario aNew DelhibSatish Serial Publishing Housec2014 axi, 221p. aEnglish aNanotechnology for food preservation aRecent advances in meat processing aGoma engineering aControlling food allergy aFood control management aThyagarajan, D aAshok, A aRamasamy, D aSurendraraj, A aSujatha, G eds. 2ddccBK 00102ddc40708GenaKAUCLVbKAUCLVcGENERALd2021-04-19g2250.00l0o640 THY/REp231119r2021-04-19 00:00:00yBK